|
|
|
|
| LEADER |
00000naa2a2200000 4500 |
| 001 |
385926 |
| 005 |
20231101063418.0 |
| 035 |
|
|
|a (RuTPU)RU\TPU\prd\14163
|
| 090 |
|
|
|a 385926
|
| 100 |
|
|
|a 20030522a2003 k y0rusy50 ca
|
| 101 |
0 |
|
|a rus
|
| 102 |
|
|
|a RU
|
| 200 |
1 |
|
|a Политика энергосбережения Правительства Ханты-Мансийского автономного округа
|f А. П. Семёнов
|
| 225 |
1 |
|
|a Энергосбережение в регионах России
|
| 461 |
|
1 |
|0 (RuTPU)RU\TPU\prd\913
|x 1609-7505
|t Энергосбережение
|o специализированный журнал
|f Ассоциация инженеров по отоплению, вентиляции, кондиционированию воздуха, теплоснабжению и строительной теплофизике (АВОК), ООО ИИП "АВОК-ПРЕСС"
|d 2000-
|
| 463 |
|
1 |
|0 (RuTPU)RU\TPU\prd\13776
|t № 2
|v С. 72-74
|d 2003
|
| 610 |
1 |
|
|a энергосбережение
|
| 610 |
1 |
|
|a регионы
|
| 610 |
1 |
|
|a Ханты-Мансийский округ
|
| 610 |
1 |
|
|a автономные округа
|
| 610 |
1 |
|
|a экономия энергоресурсов
|
| 700 |
|
1 |
|a Семёнов
|b А. П.
|
| 801 |
|
1 |
|a RU
|b 63413507
|c 20030522
|g PSBO
|
| 801 |
|
2 |
|a RU
|b 63413507
|c 20120417
|g RCR
|
| 942 |
|
|
|c BK
|